Normal view
MARC view
Entry Personal Name
001 - CONTROL NUMBER
- control field: 46837
003 - CONTROL NUMBER IDENTIFIER
- control field: dpl
005 - DATE AND TIME OF LATEST TRANSACTION
- control field: 20120510150400.0
008 - FIXED-LENGTH DATA ELEMENTS
- fixed length control field: 120510|||a|||||| | ||| d
040 ## - CATALOGING SOURCE
- Original cataloging agency: dpl
- Transcribing agency: dpl
100 ## - HEADING--PERSONAL NAME
- Personal name: Sundaram, K.V.
670 ## - SOURCE DATA FOUND
- Source citation: Work cat.: (dpl): Natural resources management and livelihood security :, 2004
670 ## - SOURCE DATA FOUND
- Source citation: Work cat.: (dpl): Natural resources management and livelihood security :, 2004
